000 01212cam a22001935a 4500
001 L151087
008 100929s2010 xxk f 000 0 eng d
035 _a(Sirsi) u151087
041 0 _aeng
110 2 _aUK Environmental Law Association
_94006
245 0 0 _aGreat expectations
_bthe cost of offshore wind in UK waters, understanding the past and projecting the future
_h[electronic resource]
260 _aLondon
_bUK Energy Research Centre
_c2010
520 _aUK faces significant challenges in meeting its renewable energy targets for 2020. Costs for offshore wind farms have risen dramatically over the last 10 years due to supply chain shortages in addition to commodity and currency price movements. Suggests ways in which costs can come down in the future including the government giving more support to technological innovation and revising the system of premium payments currently delivered through the Renewables Obligation.
590 _aKA NTK
651 4 _aENGLAND AND WALES
690 _aENVIRONMENTAL AND LAND CONSULTANCY-ENERGY-RENEWABLE ENERGY
856 4 0 _uhttps://www.ukerc.ac.uk/support/tiki-download_file.php?fileId=1112
_zView the item free of charge at www.ukerc.ac.uk
942 _n0
999 _c111144
_d111144